Catálogo de infiernos / (Record no. 169916)

MARC details
000 -LEADER
campo de control de longitud fija 00494nam a2200169 i 4500
001 - NÚMERO DE CONTROL
campo de control 169916
003 - IDENTIFICADOR DE NÚMERO DE CONTROL
campo de control ES-MaACL
005 - FECHA Y HORA DE LA ÚLTIMA TRANSACCIÓN
campo de control 20230906214234.0
008 - DATOS DE LONGITUD FIJA--INFORMACIÓN GENERAL
campo de control de longitud fija 081219s1991 sp |||| | spa d
017 ## - NÚMERO DE COPYRIGHT O DE DEPÓSITO LEGAL
Número de copyright o de depósito legal AS 453-1991
080 ## - NÚMERO DE LA CLASIFICACIÓN DECIMAL UNIVERSAL
Número de la Clasificación Decimal Universal 821.134.2-14"19"
100 0# - ENTRADA PRINCIPAL--NOMBRE DE PERSONA
Nombre de persona Campal, José Luis.
9 (RLIN) 34109
245 10 - MENCIÓN DEL TÍTULO
Título Catálogo de infiernos /
Mención de responsabilidad, etc. José Luis Campal.
260 ## - PUBLICACIÓN, DISTRIBUCIÓN, ETC.
Lugar de publicación, distribución, etc. Laviana :
Nombre del editor, distribuidor, etc. Comisión de Cultura,
Fecha de publicación, distribución, etc. 1991 (
Fabricante Goymar)
300 ## - DESCRIPCIÓN FÍSICA
Extensión [12] p. ;
Dimensiones 21 cm.
852 4# - LOCALIZACIÓN
Ubicación ES-MaACL
Número de control de estantería 2244-F19
itemnumber R.119348
Holdings
Estatus retirado Estado de pérdida Estado de daño No para préstamo Colección Biblioteca de origen Biblioteca actual Ubicación en estantería Fecha de adquisición Fuente de adquisición Total de préstamos Signatura topográfica completa Código de barras Visto por última vez Precio de reemplazo Tipo de ítem Koha
        Colección de folletos Biblioteca del Ateneo de Madrid Biblioteca del Ateneo de Madrid Depósito folletos 19/12/2008     2244-F-19 1178393 23/02/2023 23/02/2023 Folleto